000 02168nam a2200277 a 4500
999 _c342038
_d342038
003 BLK
005 20240617105104.0
008 180911b bul|||||r ||||||| ||bul||
040 _aBLK
041 _aBUL
_cBUL
080 _aБългарска литература
_b821.163.2
_x-1
_z821.163.2-1
100 1 _aМихайловски, Стоян Николов
_gМихайловский, Стоян, 1856-1927; Михайловски, Ст., 1856-1927; Михайловски, 1856-1927; Де Профундис, 1856-1927 (псевдоним); Истров, Драгостин, 1856-1927 (псевдоним); Муслак, Драгостин Истров, 1856-1927 (псевдоним); Розенберг, Викентий, 1856-1927 (псевдоним); Рязков, Евгений, 1856-1927 (псевдоним); Стрелков, Ст., 1856-1927 (псевдоним); De Profundis, 1856-1927 (псевдоним); X.y.z., 1856-1927 (псевдоним)
_d1856-1927
_997934
139 _aМихайловский, Стоян Николов
245 0 0 _aПоема на злото
_cСт. Михайловски
260 _aСофия
_bК. Т. Кушлев
_c1889
_9218572
_f(София : К. Т. Кушлев)
300 _a69 с
_c18 см
380 _aX
490 _aЧастна колекция - Академик Михаил Арнаудов
_gДарение - Основен фонд
490 _aКолекция Редки и ценни издания
_9435080
500 _aМихаил Арнаудов: негови-книга. - Подв. с Избрани творения и Книга за българския народ/ Стоян Михайловски (инв. № 589870). - Подчертавания в текста (инв.№ 589870). - Посочва съдържанието на книгата : Поема на злото и Novissime verba (инв.№ 591809) ; Бележка : Д. Тончев (инв.№ 591809). - Михаил Арнаудов: подпис
852 _aМА 1920
_bМА
852 _aРб 889
_bРц
942 _cKNG
_n0
_s1
944 _aCR
_c1996
_k30542
_lРусанова Ирена
944 _aED
_c2021-07-16
_kГГГ